Situaciones de Dependencia, Discapacidad y Derechos Una mirada a la Ley 39/2006 de Promocin̤ de la Autonoma̕ Personal y Atencin̤ a las Personas en Situacin̤ de Dependencia desde la Convencin̤ Internacional de los Derechos de las Personas con Discapacidad /

Bibliographic Details
Main Author: Barranco Avilš, M® del Carmen
Format: eBook
Language:Spanish
Published: Madrid : Dykinson, 2011
Subjects:
Online Access:Acceso restringido

MARC

LEADER 00000nam a22000007a 4500
005 20120905155522.0
007 cr|||| ||||
008 120905s2011 sp |||||s|||| 00||0 spa d
020 |a 978-84-15454-90-8 
035 |a 6339 
040 |a vLex 
090 |c 3367  |d 3367 
100 1 |a  Barranco Avilš, M® del Carmen 
245 1 0 |a Situaciones de Dependencia, Discapacidad y Derechos   |h [Recurso electrn̤ico] :  |b Una mirada a la Ley 39/2006 de Promocin̤ de la Autonoma̕ Personal y Atencin̤ a las Personas en Situacin̤ de Dependencia desde la Convencin̤ Internacional de los Derechos de las Personas con Discapacidad /  |c M® del Carmen Barranco Avilš  
256 |a Servicio en ln̕ea 
260 |a Madrid :  |b Dykinson,   |c 2011 
300 |a 1 recurso electrn̤ico 
506 1 |a Contenido solo disponible en los productos indicados  |d vLex Global   |d vLex Global (Academic Edition, excluding Law Schools)   |d vLex Global (U.S. Academic Edition, Law Schools)   |d vLex Global (U.S. Academic Edition, excluding Law Schools)   |d vLex Global (Academic Edition, Law Schools)  
650 0 4 |a Personas dependientes 
650 0 4 |a Discapacitados 
740 0 |a vLex Libros (Servicio en ln̕ea) 
856 4 0 |u http://vlex.com/source/situaciones-dependencia-discapacidad-derechos-6339  |z Acceso restringido 
942 |c BOOK 
999 0 |a Dependents 
999 0 |a People with disabilities